ბათუმის შოთა რუსთაველის სახელმწიფო უნივერსიტეტის ბიბლიოთეკა

საქართველოს ეკონომიკა მსოფლიო კონკურენტუნარიანობის მაჩვენებლებში: პრობლემები, პერსპექტივები = Economy of Georgia in the World Competitiveness Indicators: Problems and (ბიბ.ჩანაწერი № 63283)

000 -ლიდერი
ფიქსირებული სიგრძის საკონტროლო ველი 02003nam a22002657a 4500
003 - საკონტროლო ნომრის იდენტიფიკატორი
საკონტროლო ველი Ge_BSU
005 - ბოლო ოპერაციის თარიღი და დრო
საკონტროლო ველი 20250718123405.0
008 - ფიქსირებული სიგრძის მონაცემთა ელემენტები - ზოგადი ინფორმაცია
ფიქსირებული სიგრძის საკონტროლო ველი 250718s2009 ge ||||| |||| 00| 0 geo d
020 ## - წიგნის საერთაშორისო სტანდარტული ნომერი
International Standard Book Number 9789941126802
041 ## - ენის კოდი
Language code of text/sound track or separate title geo
080 ## - უნივერსალური ათობითი კლასიფიკაციის ინდექსი
Universal Decimal Classification number 338(479.22)(063) ს- 32
245 ## - ცნობა სათაურის შესახებ
Title საქართველოს ეკონომიკა მსოფლიო კონკურენტუნარიანობის მაჩვენებლებში: პრობლემები, პერსპექტივები = Economy of Georgia in the World Competitiveness Indicators: Problems and
Remainder of title I საუნივერსიტეტთაშორ. სამეცნ.-პრაქტ. კონფერენცია (მოხსნებათა კრებული) /
Statement of responsibility, etc [რედ.: რ. გოგოხია, ი. გაგნიძე, ინგლ. ტექსტის რედ.: ი. ნაცვლიშვილი, ნ. მაისურაძე].
264 ## - წარმოების, გამოცემის, დისტრიბუციის და სხვა ცნობები
გამოცემის, წარმოების, დისტრიბუციის... ადგილი თბილისი :
გამოცემის, წარმოების, დისტრიბუციის... სახელწოდება უნივერსალი,
გამოცემის, წარმოების, დისტრიბუციის... თარიღი 2009.
300 ## - ფიზიკური აღწერა
Extent 130 გვ. :
Other physical details ცხრ. ;
Dimensions 29 სმ.
504 ## - BIBLIOGRAPHY, ETC. NOTE
Bibliography, etc ბიბლიოგრ. ტექსტ. შენიშვნ.
520 ## - SUMMARY, ETC.
Summary, etc რეზ. ინგლ. მოხსენებების ბოლოს.
653 ## - INDEX TERM--UNCONTROLLED
Uncontrolled term საქართველოს ეკონომიკა
653 ## - INDEX TERM--UNCONTROLLED
Uncontrolled term ეკონომიკა
700 ## - ADDED ENTRY--PERSONAL NAME
Personal name გოგოხია, რ
Relator term რედაქტორი
9 (RLIN) 25675
700 ## - ADDED ENTRY--PERSONAL NAME
Personal name გაგნიძე, ი
Relator term რედაქტორი
9 (RLIN) 25676
700 ## - ADDED ENTRY--PERSONAL NAME
Personal name ნაცვლიშვილი, ი
Relator term ინგლისური ტექსტის რედაქტორი
9 (RLIN) 25677
700 ## - ADDED ENTRY--PERSONAL NAME
Personal name მაისურაძე, ნ
Relator term ინგლისური ტექსტის რედაქტორი
9 (RLIN) 1973
710 ## - ADDED ENTRY--CORPORATE NAME
Corporate name or jurisdiction name as entry element თსუ-ს ეკონ. და ბიზნესის ფაკულტეტი
9 (RLIN) 25678
942 ## - ADDED ENTRY ELEMENTS (KOHA)
Source of classification or shelving scheme
Koha item type წიგნი
ეგზემპლარები
ჩამოწერის სტატუსი დაკარგული ეგზემპლარის სტატუსი კლასიფიკაციის წყარო ან თაროზე გაწყობის სქემა დაზიანების სტატუსი არ გაიცემა მუდმივი მდებარეობა (დაცვის ადგილი) ამჟამინდელი ადგილსამყოფელი თაროზე განთავსების ადგილი შეძენის თარიღი ღირებულება, შესყიდვის ნორმალური ფასი სრული შენახვის შიფრი შტრიხკოდი ბოლო ოპერაციის თარიღი ეგზემპლარის მიმდევრობითი ნომერი (კეტერი?) ფასის ძალაში შესვლის თარიღი ეგზემპლარის სახეობა საჯარო შენიშვნა
          ბათუმის შოთა რუსთაველის სახელმწიფო უნივერსიტეტის მთავარი ბიბლიოთეკა ბათუმის შოთა რუსთაველის სახელმწიფო უნივერსიტეტის მთავარი ბიბლიოთეკა წიგნსაცავი 2025-07-18 8.00 338(479.22)(063) ს- 32 72164 2025-07-18 72164 2025-07-18 წიგნი 8.00